000 00504cam a2200169 i 4500
999 _c5051
_d5051
008 170310s2017 mnua j b 001 0 eng c
010 _a 2016059795
020 _a9781608188727 (hardcover : alk. paper)
020 _a9781628324877 (paperpack : alk. paper)
050 0 0 _aRK63
_b.A76 2017
082 0 4 _a617.6 ARN
_223
100 1 _aArnold, Quinn M.,
_eauthor.
245 1 0 _aDentists /
_cQuinn M. Arnold.
250 _aFirst edition.
300 _a24 pages :
_bcolor illustrations ;
_c23 cm.
942 _2ddc